000 00408nam a2200181Ia 4500
001 14494
005 20260306164918.0
008 260306t1997||||xx |||||||||||||| ||spa||
041 _aESP
082 _a515.076
_bS91
100 _aSullivan, Michael
_eAUT
245 0 _aPrecálculo
260 _c1997
300 _a840 páginas :
_c25 cm.
650 _aGEN
654 _aCMA
942 _cLIB
_dJUS
_fJUS
_2ddc
_n
999 _c14494
_d14494